000
00272nam a22001217a 4500
041
_a
ENG
100
_a
G.K Pub
245
_a
Guide To General Ability Test
260
_a
Delhi
_b
G.K Pub
_c
2001
300
_a
240
650
_a
Competitive Exam
856
_u
Competitive Exam
999
_c
1803
_d
1803